ბათუმის შოთა რუსთაველის სახელმწიფო უნივერსიტეტის ბიბლიოთეკა

რჩეული (ბიბ.ჩანაწერი № 49853)

000 -LEADER
fixed length control field 00570nam a2200205Ia 4500
001 - CONTROL NUMBER
control field 16788
003 - CONTROL NUMBER IDENTIFIER
control field GE_BSU
008 - FIXED-LENGTH DATA ELEMENTS--GENERAL INFORMATION
fixed length control field 181216s||||||||xx |||||||||||||| ||und||
040 ## - CATALOGING SOURCE
Transcribing agency GE_BSU
080 ## - UNIVERSAL DECIMAL CLASSIFICATION NUMBER
Universal Decimal Classification number 821.353.1-1
100 ## - MAIN ENTRY--PERSONAL NAME
Personal name ზომლეთელი, ნოე
245 ## - TITLE STATEMENT
Title რჩეული
245 ## - TITLE STATEMENT
Statement of responsibility, etc. რედ.კ.ბობოხიძე
260 ## - PUBLICATION, DISTRIBUTION, ETC.
Place of publication, distribution, etc. თბილისი
260 ## - PUBLICATION, DISTRIBUTION, ETC.
Name of publisher, distributor, etc. სახელგამი
260 ## - PUBLICATION, DISTRIBUTION, ETC.
Date of publication, distribution, etc. 1953
300 ## - PHYSICAL DESCRIPTION
Extent 314გვ. : 1ფურც. პორტრ. ; 21სმ
653 ## - INDEX TERM--UNCONTROLLED
Uncontrolled term რჩეული
942 ## - ADDED ENTRY ELEMENTS (KOHA)
Koha item type წიგნი
ეგზემპლარები
Withdrawn status Lost status Damaged status Not for loan Date acquired Barcode Date last seen Price effective from Koha item type
        2018-12-17 22132 2018-12-17 2018-12-17 წიგნი
        2018-12-17 22133 2018-12-17 2018-12-17 წიგნი
        2018-12-17 22134 2018-12-17 2018-12-17 წიგნი
        2018-12-17 22135 2018-12-17 2018-12-17 წიგნი